000 00418nam a2200145Ia 4500
008 220216s9999 xx 000 0 und d
100 _aVarghese S.
245 0 _aOrganoclay/rubber nanocomposites
260 _bProceedings of the Indo-German Conference, 20 October 2002, Bombay, India.
_c2002
650 _aNanocomposite
650 _aOrganoclay
700 _aGatos K.G.
700 _aKarger-Kocsis J.
942 _cBS
999 _c53007
_d53007